banner koha

Clinical and histopathological features of myocarditis in dogs with visceral leishmaniasis (Registro n. 329382)

MARC details
000 -LÍDER
fixed length control field 04659nab a2200349 i 4500
003 - CÓDIGO MARC DA AGÊNCIA CATALOGADORA
Campo de controle BR-BrBNA
005 - DATA E HORA DA ÚLTIMA ATUALIZAÇÃO
Campo de controle 20241220134740.0
008 - CAMPO DE TAMANHO FIXO
fixed length control field 241220b2015 bl.|r|pooa||| 00| 0 eng |
040 ## - FONTE DA CATALOGAÇÃO
Agência catalogadora BR-BrBNA
Idioma da catalogação eng
072 ## - CATEGORIA AGRIS
Código AGRIS L73
Código do objeto 5400
072 ## - CATEGORIA AGRIS
Código AGRIS L70
100 ## - ENTRADA PRINCIPAL - NOME PESSOAL
Nome pessoal Santos, F.P. dos
100 ## - ENTRADA PRINCIPAL - NOME PESSOAL
Nome pessoal Pascon, J.P.E.
100 ## - ENTRADA PRINCIPAL - NOME PESSOAL
Nome pessoal Pereira, D.T.P.
100 ## - ENTRADA PRINCIPAL - NOME PESSOAL
Nome pessoal Anjos, B.L.
100 ## - ENTRADA PRINCIPAL - NOME PESSOAL
Nome pessoal Mistieri, M.L.A.
100 ## - ENTRADA PRINCIPAL - NOME PESSOAL
Nome pessoal Silveira, I.D.
100 ## - ENTRADA PRINCIPAL - NOME PESSOAL
Nome pessoal Porciuncula, M.L.
245 ## - TÍTULO PRINCIPAL
Título principal Clinical and histopathological features of myocarditis in dogs with visceral leishmaniasis
500 ## - NOTA GERAL
Nota geral Publicação online; 27 ref.; Summaries (En, Pt)
942 ## - ADDED ENTRY ELEMENTS (KOHA)
Koha item type Analítica
520 ## - NOTA DE RESUMO
Nota de conteúdo <br/><br/><br/>ABSTRACT - Visceral leishmaniasis (VL) is a cosmopolitan parasitic zoonosis that can promote myocarditis and heart rate changes in canine and human hosts. Thus, histopathological aspects of the myocardium and clinical, hematological, biochemical, radiological and electrocardiographic data were evaluated in a group of 36 dogs naturally infected with VL (VLG) and compared to data from 15 non-infected dogs (CG=Control Group). A prevalence of asymptomatic dogs was present in the CG (100%) and polysymptomatic dogs in the VLG (66%). In addition, two dogs in the VLG demonstrated systolic murmurs in the mitral valve region: one with a II/VI intensity and the other with a III/VI intensity. The mean values of RBC, hemoglobin and hematocrit were lower in dogs in VLG and were associated with higher values of total protein, total leukocytes, neutrophils, creatine kinase overall (CK) and the CK-MB fraction (CK-MB). The absence of radiographic changes was accompanied by a predominance of respiratory sinus arrhythmia associated with episodes of migratory pacemaker and sinus arrest in dogs in VLG (75%), sinus rhythm in dogs in CG (60%) and decreased P wave amplitude in VLG electrocardiography. Mononuclear cell infiltration was detected in the myocardium of 77,8% of dogs in GVL and classified primarily as mild multifocal lymphohistioplasmacytic. Amastigotes were detected in only one dog, which did not allow the association between myocarditis and parasitism, although the myocardial lesions that were found constitute irrefutable evidence of myocarditis in the VLG dogs, accompanied by lenient electrocardiographic changes compared to CG.<br/><br/><br/>Keywords: Electrocardiography, Leishmania sp., visceral leishmaniasis, dogs
520 ## - NOTA DE RESUMO
Nota de conteúdo <br/><br/><br/>RESUMO - A leishmaniose visceral (LV) é uma zoonose parasitária cosmopolita capaz de promover miocardite e alterações no ritmo cardíaco em cães e seres humanos. Dessa forma, os aspectos clínicos, hematimétricos, bioquímicos, radiográficos, eletrocardiográficos e histopatológicos do miocárdio foram avaliados em 36 cães naturalmente infectados com LV (GLV) e comparados a 15 cães não infectados (GC). Houve predomínio de cães assintomáticos no GC (100%) e polissintomáticos no GLV (66%). Dois cães do GLV apresentaram sopro sistólico de intensidade II/VI e III/VI, em região de foco mitral. Os valores médios de hemácia, hemoglobina e hematócrito foram inferiores nos cães do GLV, associados a maiores valores de proteína total, leucócitos totais, neutrófilos, creatinina quinase total (CK) e fração MB (CK-MB). Ausência de alterações radiográficas foi acompanhada de predomínio de arritmia sinusal respiratória associada a episódios de marcapasso migratório e sinus arrest nos cães do GLV (75%), ritmo sinusal nos cães do GC (60%) e diminuição da amplitude da onda P no GLV à eletrocardiografia. Infiltrado inflamatório mononuclear foi detectado no miocárdio de 77,8% dos cães do GLV, classificados, em sua maioria, como linfoistioplasmocitário multifocal leve. A forma amastigota foi detectada em apenas um cão, não permitindo a associação entre a miocardite e a parasitose, ainda que as lesões miocárdicas encontradas constituam prova irrefutável da miocardite nos cães do GLV, acompanhadas por alterações eletrocardiográficas brandas em comparação ao GC.<br/><br/><br/>Palavras-chave: eletrocardiografia, Leishmania sp., leishmaniose visceral, caninos
650 ## - ASSUNTO - THESAGRO
Cabeçalho tópico ou nome geográfico CÃO
650 ## - ASSUNTO - THESAGRO
Cabeçalho tópico ou nome geográfico DOENÇA ANIMAL
650 ## - ASSUNTO - THESAGRO
Cabeçalho tópico ou nome geográfico LEISHMANIOSE
650 ## - ASSUNTO - THESAGRO
Cabeçalho tópico ou nome geográfico ELETROCARDIOGRAFIA
650 ## - ASSUNTO - THESAGRO
Cabeçalho tópico ou nome geográfico VETERINÁRIA
773 0# - ENTRADA ANALÍTICA
Host Biblionumber 1643
Registro do item 315898
Imprenta Belo Horizonte-MG Universidade Federal de Minas Gerais - Escola de Veterinaria 1983
Outro identificador 2024-2263
Título Arquivo Brasileiro de Medicina Veterinária e Zootecnia (Brazil)
ISSN 0102-0935
Colação v. 67(6) p. 1519-1527; (2015)
Número de controle de registro BR2024004026
856 ## - ACESSO E ENDEREÇO ELETRÔNICO
Identificador uniforme de recurso - URI https://www.scielo.br/j/abmvz/a/FjnVcwsTH78TfmszSh54M7q/?format=pdf&lang=en

Nenhum exemplar disponível.

BINAGRI

Telefone: (61)3218-2567/2388/3357/2097 - binagri@agro.gov.br

Ministério da Agricultura e Pecuária , Esplanada dos Ministérios, Bloco D, Anexo B, Brasília/DF, CEP: 70.043-900